000 00735nam a2200205Ii 4500
003 JO-AjNU
008 230605s9999||||xx |||||||||||||| ||und||
040 _aJO-AjNU
_bara
_erda
_cJO-AjNU
041 _aara
050 1 4 _aKMU166.3.F3288.1965
100 3 _aالفاضل، محمد ,
_eauthor
_942677
245 0 0 _aالوجيز في أصول المحاكمات الجزائية
250 _aط3
264 3 1 _aدمشق : مطبعة جامعة دمشق ، 1965
300 _a701ص
336 _atext
_btxt
_2rdacontent
337 _aunmediated
_bn
_2rdamedia
338 _avolume
_bnc
_2rdacarrier
650 4 _aالمحاكمات الجنائية -- سوريا -- قانون الإجراءات الجنائية -- سوريا
_942678
999 _aA18292
_c21860
_d21860